00545 2200205 4500001002100000005001500021035002000036245004600056250001900102300003000121264003800151336002900189337002000218338002700238082001000265084001600275020002200291600001700313990000900330INLIS00000000000209620260112120515 a0010-01260000251 aBanyak Maunya /cNayla Hazami Putri H dkk aEdisi II Cet 1 a100 hlm :bilust ;c21 cm aBandung :bMuffin Graphics,c2019 2rdacontentaSeni (komik) 2rdamediaaFisik 2rdacarrieraHard Cover a741.5 a741.5 NAY b a978-602-367-648-4 4aSeni (komik) a6348